Otros curiosos cuentos

Enregistré dans:
Détails bibliographiques
Auteur principal: López Puelma, Lucía (autora)
Format: Livre
Langue:espagnol
Publié: Santiago Stanley 1968
Édition:1a. ed
Sujets:
Tags: Ajouter un tag
Pas de tags, Soyez le premier à ajouter un tag!

MARC

LEADER 00000cam a2200000 a 4500
001 UCE6415
003 CL-VaPUC
008 150409e19680000cl |||||||||||||||||spa|d
082 0 4 |a Ch863  |b LOP  |2 21 
100 |a López Puelma, Lucía  |e autora  |9 579074 
245 1 0 |a Otros curiosos cuentos 
250 |a 1a. ed 
300 |a 64 p 
942 |c BK 
945 |d 20150409 10:07:00  |a arojas 
260 |a Santiago  |b Stanley  |c 1968 
650 0 |a Cuentos chilenos   |9 308280 
650 0 |a Literatura chilena   |9 308278 
583 |a last modification  |c 20150409 10:07:00  |k Rodrigo Vera 
999 |c 358747  |d 358745 
952 |0 0  |1 0  |3 erb  |4 0  |6 CH_863_000000000000000_LOP_1968  |7 0  |8 X  |9 467636  |a FDOBUD  |b FDOBUD  |i 5157730  |o Ch863 LOP 1968  |p 5157730  |r 2019-11-23  |w 2019-11-23  |y BK_X  |z Catalogado en:20150409  |k BUD